ICT for a Better Life and a Better World The Impact of Information and Communication Technologies on Organizations and Society /

This book focuses on the impact of information and communication technologies (ICTs) on organizations and society as a whole. Specifically, it examines how such technologies improve our lives and facilitate our work. A main aspect explored is how actors understand the potential of ICTs to support or...

Πλήρης περιγραφή

Λεπτομέρειες βιβλιογραφικής εγγραφής
Συγγραφή απο Οργανισμό/Αρχή: SpringerLink (Online service)
Άλλοι συγγραφείς: Baghdadi, Youcef (Επιμελητής έκδοσης, http://id.loc.gov/vocabulary/relators/edt), Harfouche, Antoine (Επιμελητής έκδοσης, http://id.loc.gov/vocabulary/relators/edt)
Μορφή: Ηλεκτρονική πηγή Ηλ. βιβλίο
Γλώσσα:English
Έκδοση: Cham : Springer International Publishing : Imprint: Springer, 2019.
Έκδοση:1st ed. 2019.
Σειρά:Lecture Notes in Information Systems and Organisation, 30
Θέματα:
Διαθέσιμο Online:Full Text via HEAL-Link
LEADER 03624nam a2200565 4500
001 978-3-030-10737-6
003 DE-He213
005 20191217161727.0
007 cr nn 008mamaa
008 190213s2019 gw | s |||| 0|eng d
020 |a 9783030107376  |9 978-3-030-10737-6 
024 7 |a 10.1007/978-3-030-10737-6  |2 doi 
040 |d GrThAP 
050 4 |a HD30.2 
072 7 |a KJQ  |2 bicssc 
072 7 |a COM005030  |2 bisacsh 
072 7 |a KJQ  |2 thema 
082 0 4 |a 658.4038  |2 23 
245 1 0 |a ICT for a Better Life and a Better World  |h [electronic resource] :  |b The Impact of Information and Communication Technologies on Organizations and Society /  |c edited by Youcef Baghdadi, Antoine Harfouche. 
250 |a 1st ed. 2019. 
264 1 |a Cham :  |b Springer International Publishing :  |b Imprint: Springer,  |c 2019. 
300 |a XV, 408 p.  |b online resource. 
336 |a text  |b txt  |2 rdacontent 
337 |a computer  |b c  |2 rdamedia 
338 |a online resource  |b cr  |2 rdacarrier 
347 |a text file  |b PDF  |2 rda 
490 1 |a Lecture Notes in Information Systems and Organisation,  |x 2195-4968 ;  |v 30 
505 0 |a Part I: Newer Technologies for Better Life and World -- Part II: Innovation for e-government -- Part III: Technologies Influencing Enterprise Modeling. . 
520 |a This book focuses on the impact of information and communication technologies (ICTs) on organizations and society as a whole. Specifically, it examines how such technologies improve our lives and facilitate our work. A main aspect explored is how actors understand the potential of ICTs to support organizational activities and hence, how they adopt and adapt these technologies to achieve their goals. The book collects papers on various areas of organizational strategy, e.g. new business models, competitive strategies, knowledge management and more. The main areas dealt with are new technologies for a better life, innovations for e-government, and technologies enhancing enterprise modeling. In addition, the book addresses how organizations impact society through sustainable development and social responsibility, and how ICTs employ social media networks in the process of value co-creation. 
650 0 |a Management information systems. 
650 0 |a Computers. 
650 0 |a Organization. 
650 0 |a Planning. 
650 0 |a Internet marketing. 
650 0 |a Quality of life. 
650 1 4 |a Business Information Systems.  |0 http://scigraph.springernature.com/things/product-market-codes/522030 
650 2 4 |a Information Systems and Communication Service.  |0 http://scigraph.springernature.com/things/product-market-codes/I18008 
650 2 4 |a Organization.  |0 http://scigraph.springernature.com/things/product-market-codes/516000 
650 2 4 |a Online Marketing/Social Media.  |0 http://scigraph.springernature.com/things/product-market-codes/513010 
650 2 4 |a Quality of Life Research.  |0 http://scigraph.springernature.com/things/product-market-codes/X23000 
700 1 |a Baghdadi, Youcef.  |e editor.  |4 edt  |4 http://id.loc.gov/vocabulary/relators/edt 
700 1 |a Harfouche, Antoine.  |e editor.  |0 (orcid)0000-0002-0407-9217  |1 https://orcid.org/0000-0002-0407-9217  |4 edt  |4 http://id.loc.gov/vocabulary/relators/edt 
710 2 |a SpringerLink (Online service) 
773 0 |t Springer eBooks 
776 0 8 |i Printed edition:  |z 9783030107369 
776 0 8 |i Printed edition:  |z 9783030107383 
830 0 |a Lecture Notes in Information Systems and Organisation,  |x 2195-4968 ;  |v 30 
856 4 0 |u https://doi.org/10.1007/978-3-030-10737-6  |z Full Text via HEAL-Link 
912 |a ZDB-2-BUM 
950 |a Business and Management (Springer-41169)